Conquérez le monde en devinant des pays - Statistiques

Statistiques générales
  • Ce quiz a été pris 919 fois
  • Le résultat moyen est 100 sur 212
Réponses sur la Carte
Les réponses sont colorées sur une échelle allant du rouge au vert en fonction du pourcentage des utilisateurs qui les ont devinées à leur premier essai. Vous pouvez retrouver ces pourcentages ci-dessous.
 
Statistiques - réponses
Rang Puissance Pays % Correct
#1-3 +12 Etats-Unis | Russie | Chine
97%
#7-9 +9 France | Royaume-Uni | Brésil
97%
#19-21 +8 Australie | Israël | Canada
86%
#13-15 +9 Égypte | Iran | Allemagne
82%
#4-6 +10 Inde | Japon | Corée du Sud
77%
#16-18 +8 Indonésie | Arabie Saoudite | Espagne
76%
#46-48 +6 Mexique | Pérou | Philippines
69%
#10-12 +9 Pakistan | Turquie | Italie
69%
#25-27 +8 Ukraine | Thaïlande | Algérie
65%
#31-33 +7 Suède | Afrique du Sud | Norvège
62%
#40-42 +6 Singapour | Roumanie | Argentine
60%
#52-54 +5 Portugal | Maroc | Danemark
54%
#79-81 +3 Sri Lanka | Bolivie | République démocratique du Congo
49%
#100-102 +3 Arménie | Mongolie | Uruguay
39%
#22-24 +8 Taïwan | Pologne | Viêt Nam
39%
#28-30 +7 Corée du Nord | Grèce | Suisse
36%
#124-126 +2 République du Congo | Madagascar | Mauritanie
36%
#55-57 +5 Hongrie | Finlande | Irak
34%
#61-63 +4 Serbie | Kazakhstan | Croatie
34%
#103-105 +2 Bahreïn | Niger | Mali
33%
#37-39 +6 Pays-Bas | Birmanie | Colombie
32%
#49-51 +5 Chili | Biélorussie | Ouzbékistan
30%
#70-72 +4 Libye | Koweït | Oman
26%
#76-78 +3 Cuba | Soudan | Yémen
23%
#34-36 +6 République tchèque | Nigeria | Émirats arabes unis
23%
#82-84 +3 Qatar | Kenya | Nouvelle-Zélande
19%
#67-69 +4 Bulgarie | Belgique | Équateur
18%
#73-75 +3 Tunisie | Jordanie | Afghanistan
18%
#58-60 +5 Slovaquie | Autriche | Éthiopie
17%
#109-111 +2 Estonie | Soudan du Sud | Paraguay
15%
#43-45 +6 Venezuela | Malaisie | Bangladesh
15%
#97-99 +3 Lettonie | Irlande | Tadjikistan
14%
#130-132 +1 Panama | République Centrafricaine | Gabon
13%
#64-66 +4 Azerbaïdjan | Syrie | Angola
12%
#88-90 +3 Slovénie | Ouganda | Tchad
11%
#94-96 +3 Cambodge | Guatemala | Ghana
9%
#118-120 +2 Laos | Népal | Nicaragua
8%
#127-129 +2 Namibie | Salvador | Burkina Faso
8%
#112-114 +2 Tanzanie | Albanie | Honduras
8%
#115-117 +2 Côte d'Ivoire | Liban | Mozambique
6%
#85-87 +3 Lituanie | Turkménistan | Zambie
6%
#136-138 +1 Sierra Leone | Somalie | Liberia
6%
#106-108 +2 Botswana | Moldavie | Cameroun
5%
#133-135 +1 Macédoine du Nord | Érythrée | Suriname
2%
#91-93 +3 Zimbabwe | Géorgie | Kirghizistan
2%
#121-123 +2 Bosnie-Herzégovine | République dominicaine | Monténégro
1%
Aucun quiz correspondant
Distribution des résultats
% des personnes avec chaque résultat
Percentile par nombre de réponses
Votre historique - résultats
Vous n’avez pas pris ce quiz